Espécies da família Hominidae - Statistics

Estatísticas Gerais
  • Esse quiz foi jogado 5 vezes
  • A pontuação média é 14 de 41
Estatísticas das Respostas
Dica Resposta % Correto
Ho... Homo sapiens
100%
Ar... Ardipithecus ramidus
50%
Au... Australopithecus afarensis
50%
Au... Australopithecus africanus
50%
Au... Australopithecus anamensis
50%
Au... Australopithecus garhi
50%
Gi... Gigantopithecus blacki
50%
Go... Gorilla beringei
50%
Go... Gorilla gorilla
50%
Ho... Homo denisova
50%
Ho... Homo erectus
50%
Ho... Homo floresiensis
50%
Ho... Homo habilis
50%
Ho... Homo heidelbergensis
50%
Ho... Homo luzonensis
50%
Ho... Homo naledi
50%
Ho... Homo neanderthalensis
50%
Orr... Orrorin tugenensis
50%
P... Pan paniscus
50%
P... Pan troglodytes
50%
Pa... Paranthropus aethiopicus
50%
Pa... Paranthropus boisei
50%
Pa... Paranthropus robustus
50%
Po... Pongo abelii
50%
Po... Pongo pygmaeus
50%
Po... Pongo tapanuliensis
50%
Sa... Sahelanthropus tchadensis
50%
Ana... Anadoluvius turkae
0%
Ank... Ankarapithecus meteai
0%
Au... Australopithecus sediba
0%
Dr... Dryopithecus fontani
0%
Eq... Equatorius africanus
0%
Gr... Graecopithecus freybergi
0%
His... Hispanopithecus laietanus
0%
In... Indopithecus giganteus
0%
Ke... Kenyapithecus wickeri
0%
Ou... Ouranopithecus macedoniensis
0%
R... Rudapithecus hungaricus
0%
Si... Sivapithecus indicus
0%
Si... Sivapithecus parvada
0%
Si... Sivapithecus sivalensis
0%
Nenhum quiz correspondente encontrado
Distribuição das Pontuações
Porcentagem de Pessoas com Cada Pontuação
Percentil de Números Respondidos
Sua Pontuação Histórica
Você não jogou esse quiz